| 000 | 00638nam a22001937a 4500 | ||
|---|---|---|---|
| 005 | 20251108174742.0 | ||
| 008 | 250721s2009 xx 000 0 ara d | ||
| 082 | 1 | 4 | _a700.4/حمز |
| 100 | 1 | _aالحمزة، خالد | |
| 245 | 1 | 0 | _aالدعاية للفن و الدعاية الإنتخابية : الكرسي و التوقيع - تحقيق حلم دانتو / |
| 264 | 1 |
_aبيروت : _bالمؤسسة العربية للدراسات، _c2009. |
|
| 300 | _a131ص. | ||
| 650 | 1 | 7 | _aالفنون |
| 650 | 1 | 7 | _aالحداثة |
| 650 | 1 | 7 | _aالانتخابات |
| 650 | 1 | 7 | _aالدعاية |
| 942 |
_2ddc _cBK |
||
| 999 |
_c117138 _d117138 |
||